000 00580cam a22002171 4500
001 sa 63003109
003 DLC
005 20260227111939.0
008 890705r1962uuuuii 000 0 beno
010 _asa 63003109
035 _a(OCoLC)19963733
040 _aDLC
_cWaU
_dDLC
042 _apremarc
050 0 0 _aAC118
_b.C45
100 1 _aChatterji, Suniti Kumar,
_d1890-1977.
245 1 0 _aPatha-calti.
260 _c[1962-
300 _av.
_c23 cm.
500 _aIn Bengali.
500 _aA collection of the author's articles originally published in various periodicals.
999 _c54895
_d54895